Ciudades por imagen A-Z - Estadísticas

Estadísticas generales
  • Esta prueba ha sido intentada 434 veces
    415 desde el último reinicio
  • La puntuación promedio es 14 de 26
Estadísticas de respuestas
Imagen Hint Respuesta % Correcto
B Barcelona
97%
A Ámsterdam
93%
L Los Ángeles
92%
W Washington
83%
F Florencia
79%
E Estambul
77%
G Granada
70%
R Río de Janeiro
67%
Q Quito
64%
O Oslo
60%
P Pionyang
60%
D Delhi
53%
J Jerusalén
50%
V Viena
50%
H Hanói
44%
Z Zúrich
42%
S Shanghái
40%
X Xi'an
36%
K Katmandú
33%
N Nápoles
33%
C Casablanca
31%
U Utrecht
30%
Y York
28%
M Montreal
19%
I Indianápolis
16%
T Tarragona
16%
No se encontraron pruebas coincidentes
Distribución de puntuación
Porcentaje de gente con cada puntuación
Porcentaje por número respondido
Historial de tus puntuaciones
No has intentado esta prueba desde el último reinicio